| 000 | 00395nam a22001457a 4500 | ||
|---|---|---|---|
| 020 | _a0-07-027397-9 | ||
| 082 | _a621.3192 HAY'E | ||
| 100 |
_aHAYT, W. H , KEMMERLY, J. E _964795 |
||
| 245 | _aENGINEERING CIRCUITS ANALYSIS | ||
| 250 | _a4TH | ||
| 260 |
_aNEWYORK _bMCGRAW HILL _c1986 |
||
| 300 | _a653P | ||
| 650 |
_aELECTRIC CIRCUITS ANALYSIS ELECTRIC NETWORKS ANALYSIS _964796 |
||
| 942 | _cBK | ||
| 999 |
_c573186 _d573186 |
||